| 000 | 00478nam a22001577a 4500 | ||
|---|---|---|---|
| 999 |
_c9289 _d9289 |
||
| 008 | 210401b ||||| |||| 00| 0 eng d | ||
| 040 | _aBMS College of Architecture | ||
| 100 | _aRangaswami, Anuradha | ||
| 245 | _aFilm institute Bangalore | ||
| 300 | _a34p. | ||
| 500 | _a1BM99AT004 | ||
| 502 |
_8B.Arch _NBMS College of Architecture, Visvesvaraya Technological University _aProject report _d2003 |
||
| 650 | _aInstitute | ||
| 700 |
_aShridhar Rajan _eGuide |
||
| 942 |
_2ddc _cTHE |
||